| 000 | 00822cam a22001814a 4500 | ||
|---|---|---|---|
| 005 | 20250605163502.0 | ||
| 008 | 250528s ||||||||||||||||||||||||d | ||
| 035 | _a20298 | ||
| 020 | _a751730351 | ||
| 040 |
_aGR-AtMCL _bgre _dGR-AtMCL _eAACR2 |
||
| 245 | 1 | _aInformation Management / CIMA Study Guide: Stage 4 - Paper 15 | |
| 260 |
_bBpp Publishing, _c1994 |
||
| 300 | _a548 | ||
| 520 | _aThis study text has been written specifically for Paper 15 Information Management. Introduction, Information Resource Management, Information Strategy and Systems Development, Management of Information Systems and Technology, Social Dimensions of Information, Illustrative Questions, Suggested Solutions, Class Questions, Glossary, Index, Further Reading, Review Form. | ||
| 942 | _cBK | ||
| 999 |
_c5422 _d5422 |
||